<?xml version="1.0" encoding="UTF-8"?>
<record
    xmlns:xsi="http://www.w3.org/2001/XMLSchema-instance"
    xsi:schemaLocation="http://www.loc.gov/MARC21/slim http://www.loc.gov/standards/marcxml/schema/MARC21slim.xsd"
    xmlns="http://www.loc.gov/MARC21/slim">

  <leader>03221nam a22002654a 4500</leader>
  <controlfield tag="003">BOLpUSFA</controlfield>
  <controlfield tag="005">20260407144222.0</controlfield>
  <controlfield tag="008">      t        bo     grm    001 | spa||</controlfield>
  <datafield tag="040" ind1=" " ind2=" ">
    <subfield code="a">BOLpUSFA</subfield>
  </datafield>
  <datafield tag="041" ind1=" " ind2=" ">
    <subfield code="a">spa</subfield>
  </datafield>
  <datafield tag="044" ind1=" " ind2=" ">
    <subfield code="a">BO</subfield>
  </datafield>
  <datafield tag="082" ind1=" " ind2=" ">
    <subfield code="a">ADM0037</subfield>
    <subfield code="b">Aj312pPG</subfield>
  </datafield>
  <datafield tag="100" ind1=" " ind2=" ">
    <subfield code="a">Ajata Gonzales, Elizabeth</subfield>
  </datafield>
  <datafield tag="245" ind1=" " ind2=" ">
    <subfield code="a">Plan de marketing de servicios para la introducci&#xF3;n de un seguro m&#xE9;dico veterinario en la Compa&#xF1;&#xED;a Bisa Seguros y Reaseguros S.A. en el Macro Distrito 2, Distrito Municipal 13 - 18, de la ciudad de La Paz, en la gesti&#xF3;n 2025</subfield>
  </datafield>
  <datafield tag="260" ind1=" " ind2=" ">
    <subfield code="a">El Alto: </subfield>
    <subfield code="b">Universidad Privada San Francisco de As&#xED;s. Carrera de Administraci&#xF3;n de Empresas,</subfield>
  </datafield>
  <datafield tag="300" ind1=" " ind2=" ">
    <subfield code="a">191 p.</subfield>
  </datafield>
  <datafield tag="502" ind1=" " ind2=" ">
    <subfield code="a">Modalidad: Proyecto de Grado -  
Tutor: Carlos Eduardo Villarroel Prieto 
</subfield>
  </datafield>
  <datafield tag="520" ind1=" " ind2=" ">
    <subfield code="a">El  presente  proyecto  &#x201C;Plan  de  Marketing  de  Servicio  para  la  Introducci&#xF3;n  de  un 
Seguro M&#xE9;dico Veterinario en la Compa&#xF1;&#xED;a de Bisa Seguros y Reaseguros S.A., en 
el Macro distrito 2, Distrito Municipal 13-18 de la ciudad de La Paz, gesti&#xF3;n 2025&#x201D;, 
tuvo  como  finalidad  evaluar  la  viabilidad  y  aceptaci&#xF3;n  de  un  nuevo  producto 
orientado al cuidado de la salud de las mascotas. 

A  trav&#xE9;s  de  un  enfoque  de  investigaci&#xF3;n  de  campo  y  entrevistas  realizadas  a 
m&#xE9;dicos veterinarios y due&#xF1;os de mascotas, se identific&#xF3; una necesidad creciente 
de contar con servicios de salud accesibles y continuos para nuestras mascotas. 
Los resultados obtenidos evidencian que los costos en consultas, emergencias y 
tratamientos veterinarios constituyen una carga significativa para las familias, y que 
existe  un  inter&#xE9;s  favorable  hacia  la  contrataci&#xF3;n  de  seguros  especializados  que 
garanticen atenci&#xF3;n oportuna sin que el factor econ&#xF3;mico represente una barrera. 

El  an&#xE1;lisis  permiti&#xF3;  determinar  que  este  seguro  m&#xE9;dico  veterinario  no  solo 
beneficiar&#xE1;  a  los  due&#xF1;os  de  mascotas,  sino  que  tambi&#xE9;n  contribuir&#xE1;  al 
fortalecimiento  del  sector  veterinario,  incrementando  la  demanda  de  servicios 
profesionales  y  promoviendo  la  cultura  de  tenencia  responsable.  Asimismo,  se 
estableci&#xF3; un plan de marketing con objetivos espec&#xED;ficos que incluyen la definici&#xF3;n 
del  mercado  meta,  el  dise&#xF1;o  de  estrategias  de  promoci&#xF3;n,  el  presupuesto  de 
inversi&#xF3;n  y  la  estimaci&#xF3;n  del  retorno  esperado,  concluyendo  con  un  escenario 
positivo para la Compa&#xF1;&#xED;a de Seguros. 

Los  hallazgos  se&#xF1;alan  que  la  implementaci&#xF3;n  del  Seguro  de  Mascotas  en  Bisa 
Seguros  y  Reaseguros  S.A.  es  favorable  y  viable,  tanto desde  la perspectiva  de 
mercado como en t&#xE9;rminos de rentabilidad. El proyecto representa una oportunidad 
estrat&#xE9;gica para diversificar la oferta de servicios, posicionar a la compa&#xF1;&#xED;a como 
pionera en este tipo de seguros en la ciudad de La Paz y fortalecer la confianza del 
consumidor  a  trav&#xE9;s  de  la  innovaci&#xF3;n  y  la  cobertura  de  nuevas  necesidades 
sociales. 
</subfield>
  </datafield>
  <datafield tag="650" ind1=" " ind2=" ">
    <subfield code="a">Administraci&#xF3;n de Empresas</subfield>
  </datafield>
  <datafield tag="650" ind1=" " ind2=" ">
    <subfield code="a">Proyecto de Grado</subfield>
  </datafield>
  <datafield tag="650" ind1=" " ind2=" ">
    <subfield code="a">Plan de marketing</subfield>
  </datafield>
  <datafield tag="650" ind1=" " ind2=" ">
    <subfield code="a">Seguro m&#xE9;dico</subfield>
  </datafield>
  <datafield tag="650" ind1=" " ind2=" ">
    <subfield code="a">Veterinarias</subfield>
  </datafield>
  <datafield tag="942" ind1=" " ind2=" ">
    <subfield code="2">ddc</subfield>
    <subfield code="c">TE</subfield>
    <subfield code="z">LLO</subfield>
  </datafield>
  <datafield tag="999" ind1=" " ind2=" ">
    <subfield code="c">9685</subfield>
    <subfield code="d">9685</subfield>
  </datafield>
  <datafield tag="952" ind1=" " ind2=" ">
    <subfield code="0">0</subfield>
    <subfield code="1">0</subfield>
    <subfield code="2">ddc</subfield>
    <subfield code="4">0</subfield>
    <subfield code="7">0</subfield>
    <subfield code="8">2</subfield>
    <subfield code="a">BEA</subfield>
    <subfield code="b">BEA</subfield>
    <subfield code="c">3</subfield>
    <subfield code="d">2026-03-27</subfield>
    <subfield code="e">4</subfield>
    <subfield code="l">0</subfield>
    <subfield code="o">ADM0037 Aj312pPG</subfield>
    <subfield code="p">BEA01533</subfield>
    <subfield code="r">2026-03-27</subfield>
    <subfield code="w">2026-03-27</subfield>
    <subfield code="y">TE</subfield>
  </datafield>
</record>
